| 000 | 00449ntaaa2200181 4500 | ||
|---|---|---|---|
| 003 | 01 | ||
| 005 | 20251027202804.0 | ||
| 008 | 0714s1973 ag 01 | ||
| 040 |
_aAR-BaBN _bspa _cAR-BaBN _eaacr _dRIC |
||
| 082 | _a860.0000 J56 | ||
| 100 | _aJiménez, Juan Ramón | ||
| 245 | _aPlatero y yo | ||
| 250 | _a1 ed. | ||
| 260 |
_aBuenos Aires : _bEditorial Losada, _c1942, 1971 |
||
| 300 | _a310 p | ||
| 650 |
_aliteratura española _916709 |
||
| 942 | _cBK | ||
| 999 |
_c23198 _d23198 |
||